|
|
|
|
| LEADER |
01022naa a2200217 i 4500 |
| 001 |
acta72109 |
| 005 |
20230509121259.0 |
| 008 |
210301s2019 hu o 1|| hun d |
| 020 |
|
|
|a 978-615-5455-93-3
|
| 040 |
|
|
|a SZTE Egyetemi Kiadványok Repozitórium
|b hun
|
| 041 |
|
|
|a hun
|
| 100 |
1 |
|
|a Prószéky Gábor
|
| 245 |
1 |
0 |
|a Előszó
|h [elektronikus dokumentum] /
|c Prószéky Gábor
|
| 260 |
|
|
|c 2019
|
| 300 |
|
|
|a 4
|
| 490 |
0 |
|
|a Beszéd- és nyelvelemző szoftverek a versenyképességért és az esélyegyenlőségért
|
| 650 |
|
4 |
|a Bölcsészettudományok
|
| 650 |
|
4 |
|a Nyelvek és irodalom
|
| 695 |
|
|
|a Bölcsészettudomány - digitális - előszó, Szövegelemzés - nyelvészeti - számítógép alkalmazása - előszó, Nyelvészet - számítógép alkalmazása - előszó
|
| 711 |
|
|
|a Beszéd- és nyelvelemző szoftverek a versenyképességért és az esélyegyenlőségért
|c Szeged
|d 2018
|
| 856 |
4 |
0 |
|u http://acta.bibl.u-szeged.hu/72109/1/beszed_es_nyelvelemzo_szoftverek_tanulmanykotet_2019_004.pdf
|z Dokumentum-elérés
|